000 00495nam a2200181Ia 4500
005 20250508152913.0
008 008 250505s9999 xx 000 0 eng d
037 _aTextual
040 _aFEDL
_beng
_cFEDL
041 _aeng
_2eng
084 _a707, PIE
_qFEDL
100 _aPiera Lkurene H Van
_9762704
245 0 _aArt teaching guide hawall : Kindergarten through grade twelve
260 _c1960
300 _a310p.
942 _cTEXL
_h707, PIE
999 _c1339526
_d1339526